| 000 | 00656nam a2200169 a 4500 | ||
|---|---|---|---|
| 005 | 20230209063716.0 | ||
| 008 | 991125s1963 mx 000 0 spa u | ||
| 035 | _aUPN01000008145 | ||
| 049 | _aCG | ||
| 050 | 4 |
_aLA421 _bC53 |
|
| 245 | 0 | 0 |
_aCinco años de educación en México : _b[1958-1963] / |
| 260 |
_aMéxico : _b[SNTE?], _c1963. |
||
| 300 |
_aca. 300 p. : _bil. |
||
| 505 | 8 | _aContiene: México actual : panorama socio-economómico -- La Constitución Política y la educación -- La reforma educativa -- Sistema educativo mexicano -- Otros servicios educativos -- El maestro mexicano | |
| 650 | 4 |
_aEducación _zMéxico _xHistoria _9187 |
|
| 905 | _aLibro | ||
| 999 |
_c8145 _d8145 |
||